| 000 | 01803nam a22001457a 4500 | ||
|---|---|---|---|
| 999 |
_c526733 _d526733 |
||
| 008 | 240621b ||||| |||| 00| 0 eng d | ||
| 100 |
_aRoy, Himanshu _954331 |
||
| 245 | _aIndic education in pre-colonial India | ||
| 260 | _aIndian Journal of Public Administration | ||
| 300 | _a70(2), Jun, 2024: p,.345-355 | ||
| 520 | _aSchool education in pre-colonial India was universal and inclusive. Children of every caste and class, at an average age of 5 years, attended schools. The elementary school teaching consisted of three universal subjects: akshara (script) gyan, bhasha (language) gyan and arithmetic. The fourth subject varied from regions to regions: it was moral–civic education to skill education. The education was in the mother tongue. The higher education was in medium of Sanskrit. After the arrival of Muslim rulers, Persian became the alternative language of instruction, and there was a change in the course curriculum. The Muslim students were compulsorily taught the Quran, and the medium of instruction was Persian. Students interested in higher academics and research had wide number of subjects to study—grammar, philosophy, medicine and others. These students were called Brahmins, and based on their professional skills, they were designated as acharyas, upadhyaya, mukhopadhyay and so forth. The technical skills and the knowledge required constant upgradation as India was the hub of the pre-colonial economy, the ‘land of desire’. This knowledge and skill had also made her the ‘land of wisdom’. That’s how Hegel used to address about India in his class rooms in 1820s in Germany.- Reproduced https://journals.sagepub.com/doi/full/10.1177/00195561231221812 | ||
| 773 | _aIndian Journal of Public Administration | ||
| 906 | _aEDUCATION | ||
| 942 | _cAR | ||